| 000 | 00699nam a2200193Ia 4500 | ||
|---|---|---|---|
| 008 | 160105s9999 xx 000 0 und d | ||
| 020 | _a978-2-8415-6925-0 | ||
| 041 | _aeng | ||
| 245 | _aSedimentary structures | ||
| 260 | _bElsevier | ||
| 260 | _c1984 | ||
| 300 | _bill., graph., réf. | ||
| 490 | _aDevelopments in sedimentology | ||
| 500 | _aCote d'origine affectée par la BC : BC_634 93 devient SS_631.459 ALL | ||
| 654 | _xA SEDIMENTATION/ETAT PHYSIQUE/MECANIQUE DES FLUIDES | ||
| 942 | _c09 | ||
| 994 | _a110787 | ||
| 999 |
_c10656 _d38654 |
||